000 00368nam a2200145Ia 4500
005 20251222152031.0
008 251222s9999||||xx |||||||||||||| ||spa||
020 _a970-32-4356-3
082 _a363.61/S17
100 _aSaldívar V., Américo
245 0 _aLas aguas de la ira
250 _a1ra.ed.
264 _bFundación para el Desarrollo del Agro
942 _cLIB
999 _c25684
_d25684